MARC

LEADER 00000nam0a2200000 4500
001 110117
005 20231031120324.0
035 |a (RuTPU)RU\TPU\book\118921 
090 |a 110117 
100 |a 20070219d1994 ekmy0rusy50 ca 
101 0 |a rus 
102 |a RU 
105 |a y g 000zy 
200 1 |a Университеты России 1992  |e справочник  |f Научно-исследовательский институт высшего образования; под ред. В. Г. Завалей 
210 |a Москва  |c НИИВО  |d 1994 
215 |a 196 с. 
610 1 |a справочники 
610 1 |a университеты 
610 1 |a Россия 
610 1 |a структура 
610 1 |a перечень 
610 1 |a профессорско-преподавательский состав 
610 1 |a факультеты 
610 1 |a специальности 
610 1 |a вступительные экзамены 
675 |a 37  |v 3 
686 |a Ч48  |v LBC/SL-A  |2 rubbk 
702 1 |a Завалей  |b В. Г.  |4 340 
712 0 2 |a Научно-исследовательский институт высшего образования (НИИВО)  |c (Москва)  |2 stltpush  |3 (RuTPU)RU\TPU\col\14127 
801 1 |a RU  |b 63413507  |c 20070219  |g PSBO 
801 2 |a RU  |b 63413507  |c 20190819  |g PSBO 
942 |c BK